1544 1650 1350 1611 1916 1824 1169 1957 1427 1322 1438 1096 1756 1757 1665 1481 1097 1537 1403 1315 1630 1802 1929 1397 1128 1878 1940 1188 1719 1174 1196 1592 1787 1742 1276 1508 1197 1706 1066 1480 1823 1761 1332 1457 1895 1434 1287 1385 1155 1263 1184 1336 1081 1507 1145 1343 1344 1730 1054 1728 1820 1040 1189 1181 1553 1775 1216 1119 1153 1446 1613 1266 1895 1634 1183 1898 1525 1110 1364 1058 1736 1654 1945 1250 1399 1397 1487 1970 1660 1329 1967 1847 1165 1205 1247 1445 1096 1936 1873 BCNSPRNW ULIB Ver.6.0+V

เปลี่ยนเป็นภาษาไทย

Change to English
 แสดงรายละเอียดบรรณานุกรม
  กลับหน้าหลัก

Brief Record : Get Marc (ISO 2709) : E-mail record : QR code < ปิดหน้าต่าง
LEADER : 00000nam 2200000uu 4500
001    13399112151
003     ULIB
008    110627s2553||||th 000 0 tha d
020    9786165000192
090    นว.^bล258ห 2553
100 0  ลัลล์ลลิล
245 00 เหมันต์นิรันดร/^cลัลล์ลลิล
250    พิมพ์ครั้งที่ 1
260    กรุงเทพฯ :^bพิมพ์คำ,^c2553
300    414 หน้า
710 1  พิมพ์คำ
945    ^p260^l0^i028027
995    ทศพร
999 ^a ใช้งานได้ทุกระบบ
รายการนี้ยังไม่มีแท็ก
คุณยังไม่ได้ล็อกอิน คุณสามารถมีกิจกรรมร่วมกับเว็บไซต์ได้ แต่ต้องล็อกอินก่อน ::
  ล็อกอิน

รายการสื่อสารสนเทศ

ลำดับที่ ประเภท เลขเรียก/บาร์โค้ด สถานที่ สถานะ
- ไม่พบข้อมูล -

รายการใกล้เคียง
    ผู้แต่ง [ลัลล์ลลิล]

BibComment


ยังไม่เคยถูกคอมเมนท์

คอมเมนท์ทรัพยากรรายการนี้
  คอมเมนท์: เหมันต์นิรันดร ลั..


 Copyright 2026. Bcnsprnw @Library